Guess which Modern Family character? - Statistics

General Stats
  • This quiz has been taken 94 times
  • The average score is 11 of 15
Answer Stats
Question Answer % Correct
Who is involved in robotics? Alex
94%
Who worked at Disneyland? Dylan
90%
Who once got 100 dollars from a "tooth fairy"? Lily
90%
Who is allergic to soy? Luke
87%
Who is a big fan of the movie "The Wizard of Oz" Cameron
84%
Who likes stealing and says it makes their heart goes fast? Joe
84%
Who loves drinking coffee and has a caffeine addiction? Manny
84%
Whose home was in "architectural digest"? Pepper
81%
Who gets nausea from the smell of paint? Phil
81%
Who used to own a grocery store? Frank
71%
Who is a very devout Catholic? Gloria
71%
Who has a fear of birds? Mitchell
65%
Who has met Beyoncé? Claire
52%
Who has lied about being part of the Kennedy family? Jay
45%
Who speaks Elvish? Alex
19%
No matching quizzes found
Score Distribution
Percent of People with Each Score
Percentile by Number Answered
Your Score History
You have not taken this quiz